MARC

LEADER 00000nam0a2200000 4500
001 371834
005 20231102012423.0
035 |a (RuTPU)RU\TPU\retro\29248 
090 |a 371834 
100 |a 20221117d1979 m y0rusy50 ca 
101 0 |a rus 
102 |a RU 
105 |a a j 001zy 
200 1 |a Импульсная техника в системах железнодорожной автоматики, телемеханики и связи  |e учебник для вузов  |f И. Е. Дмитренко, Г. К. Ефимов, А. В. Шилейко 
210 |a Москва  |c Транспорт  |d 1979 
215 |a 192 с.  |c ил. 
320 |a Библиогр.: с. 189 
606 1 |a Импульсные приборы  |x Применение на железнодорожном транспорте  |2 stltpush  |3 (RuTPU)RU\TPU\subj\80844  |9 88387 
610 1 |a импульсная техника 
610 1 |a импульсные устройства 
610 1 |a элементы 
610 1 |a импульсные цепи 
610 1 |a звенья 
610 1 |a железнодорожная связь 
610 1 |a железнодорожная автоматика 
610 1 |a железнодорожная телемеханика 
610 1 |a учебники 
675 |a 656.25(075.8)  |v 4 
700 1 |a Дмитренко  |b И. Е.  |g Иван Ермолаевич 
701 1 |a Ефимов  |b Г. К.  |g Геннадий Кондратьевич 
701 1 |a Шилейко  |b А. В.  |g Алексей Вольдемарович 
801 1 |a RU  |b 63413507  |c 20221117 
801 2 |a RU  |b 63413507  |c 20221117  |g RCR 
942 |c BK